Securities clearance and settlement systems: a guide to best practices (Record no. 286394)

000 -LEADER
fixed length control field 00427cam a22001217a 4500
008 - FIXED-LENGTH DATA ELEMENTS--GENERAL INFORMATION
fixed length control field 180718b2001 xxu||||| |||| 00| 0 eng d
100 ## - MAIN ENTRY--PERSONAL NAME
Personal name Guadamillas, Mario
245 ## - TITLE STATEMENT
Title Securities clearance and settlement systems: a guide to best practices
Statement of responsibility, etc. by Mario Guadamillas and Robert Keppler
260 ## - PUBLICATION, DISTRIBUTION, ETC.
Place of publication, distribution, etc. Washington, D.C.
Name of publisher, distributor, etc. World Bank
Date of publication, distribution, etc. 2001
300 ## - PHYSICAL DESCRIPTION
Extent 34p.
440 ## - SERIES STATEMENT/ADDED ENTRY--TITLE
Title Policy research working paper 2581
700 ## - ADDED ENTRY--PERSONAL NAME
Personal name Keppler, Robert
Holdings
Withdrawn status Lost status Damaged status Not for loan Permanent Location Current Location Date acquired Barcode Date last seen Price effective from Koha item type
        Indian Institute of Public Administration Indian Institute of Public Administration 2001-08-28 WB8933 2018-07-20 2018-07-20 WB

Powered by Koha